000 00502nam a2200217Ia 4500
003 OSt
005 20221005131614.0
006 a|||||r|||| 00| 0
007 ta
008 ORI
024 _a27584
037 _cTextual
040 _aCRL
_cCRL
_bORI
041 _2ORI
_aORI
082 _aO1591,6x, K5
100 _aMahapatra Godabarish
_9639866
245 0 _aSruti sanchayan
260 _c1965
942 _hO1591,6x, K5
_cTEXL
_2cc
999 _c1060881
_d1060881